000
00232nam a2200097Ia 4500
008
230915s9999 xx 000 0 und d
050
_a
QA276.M33
100
_a
JAMES T.MCCLAVE
245
2
_a
A FIRST COURSE IN STATISTICS
942
_c
BK
999
_c
186824
_d
186824